| 000 | 00734nmc a2200289 a 4500 | ||
|---|---|---|---|
| 003 | AR-BaBNM | ||
| 005 | 20251128204659.0 | ||
| 008 | 156119s1987 ||||||||||||||000 | spa|| | ||
| 020 | _a84-7679-077-5 | ||
| 040 | _cAR-BaBNM | ||
| 100 | 1 | _aMedrano, José Miguel | |
| 245 | 1 | 0 | _aJuan Vicente Gómez |
| 260 |
_aMadrid _bHistoria 16 _bQuorum _c1987 |
||
| 300 | 0 |
_a157 p. _bláms. |
|
| 490 | 0 | _aProtagonistas de América | |
| 504 | _aContiene bibliografía | ||
| 600 | 1 | 4 | _aGómez, Juan Vicente |
| 650 | 4 | _aBIOGRAFIAS | |
| 650 | 4 | _aHEGEMONIA | |
| 650 | 4 | _aHISTORIA POLITICA | |
| 650 | 4 | _aHISTORIA LATINOAMERICANA | |
| 650 | 4 | _aDICTADURA | |
| 651 | 4 | _aVenezuela | |
| 655 | _aBIOGRAFIAS | ||
| 942 | _cBK | ||
| 998 | _cEnrique | ||
| 999 |
_c8381 _d8381 |
||